Contre Lévi-Strauss, Lacan, Althusser /

Guardado en:
Detalles Bibliográficos
Autor principal: Fougeyrollas, Pierre (autor)
Formato: Libro
Idioma:Francés
Temas:
Etiquetas: Agrega una etiqueta
Sin etiquetas, Sé el primero en etiquetar este registro!

MARC

LEADER 00000nam^a2200000^a^4500
001 000072513
005 20250521000000.0
009 20260526120526.383
020 |a 2-85930-008-2 
037 |a Acervo ITESO - Biblioteca 
041 |a FRA 
082 |a 301. 01  |b FOU 
100 |a Fougeyrollas, Pierre  |e (autor) 
245 1 0 |a Contre Lévi-Strauss, Lacan, Althusser /  |c P. Fougeyrollas. 
264 |a París, Francia :  |b Savelli,  |c 1976 
300 |a 215 p. 
336 |a texto  |b txt  |2 rdacontenido 
337 |a sin mediación  |b n  |2 rdamedio 
338 |a volumen  |b nc  |2 rdasoporte 
649 |a XX 
650 |a Antropología 
650 |a Antropología 
650 |a Estructuralismo Marxista 
650 |a Psicoanálisis y Estructuralismo 
910 |a Fondo Armando Suárez Gómez 
920 |a Impresos - Libros 
930 |a Fondos Especiales 
905 |a 111 
901 |a 0700003515  |b IT2  |c ESP  |u 20250521 
902 |a https://opac.biblio.iteso.mx/vufind/Record/000072513